| 000 | 00934 a2200229 4500 | ||
|---|---|---|---|
| 003 | Nust | ||
| 005 | 20170207152515.0 | ||
| 010 | _a 96027860 | ||
| 020 | _a0890067562 (alk. paper) | ||
| 040 | _cNust | ||
| 082 | 0 | 0 | _a621.38275 |
| 100 | 1 | _aKazovsky, Leonid G. | |
| 245 | 1 | 0 |
_aOptical fiber communication systems / _cLeonid Kazovsky, Sergio Benedetto, Alan Willner. |
| 260 |
_aBoston : _bArtech House, _cc1996. |
||
| 300 |
_axix, 690 p. : _bill. ; _e24 cm. |
||
| 440 | 4 | _aThe Artech House Optoelectronics library | |
| 505 | _aBasic Optical Fiber Communication Components (Page-1) The Communication Toolbox (Page-101)The Basic Binary Optical Communication System (Page-163) Coherent System (Page-263) Optical Amplifiers (Page-401)Solition Systems (Page-471)Multichannel Systems (Page-513) | ||
| 538 | _aAlmirah No 26 Shelf No 6 | ||
| 650 | 0 | _aTelecommunication engineering | |
| 700 | 1 | _aBenedetto, Sergio. | |
| 700 | 1 | _aWillner, Alan E. | |
| 942 | _cREF | ||
| 999 |
_c176010 _d176010 |
||